000
00282nam a2200121Ia 4500
008
241002s9999 xx 000 0 und d
082
_a
741.5 OGI
100
_a
Ogilvy, David
245
0
_a
Confession of an advertising man
260
_a
London:
_c
1963
600
_a
Art
942
_c
UC
999
_c
18745
_d
18745